Normal view MARC view

Entry Personal Name

Number of records used in: 1

001 - CONTROL NUMBER

  • control field: 26760

003 - CONTROL NUMBER IDENTIFIER

  • control field: OSt

005 - DATE AND TIME OF LATEST TRANSACTION

  • control field: 20210811113122.0

008 - FIXED-LENGTH DATA ELEMENTS

  • fixed length control field: 210811|| aca||aabn | a|a d

040 ## - CATALOGING SOURCE

  • Original cataloging agency: OSt
  • Transcribing agency: OSt

100 ## - HEADING--PERSONAL NAME

  • Personal name: Choisdealbha, A. Ní and Lun, P. D.

670 ## - SOURCE DATA FOUND

  • Source citation: Work cat.: (OSt)517532: Choisdealbha, A. Ní and Lun, P. D., Green and simple: Disclosures on eco-labels interact with situational constraints in consumer choice

Powered by Koha